Diccionario del teatro (Record no. 116856)

MARC details
000 -LEADER
campo de control de longitud fija 00582nam a2200169 4500
001 - NÚMERO DE CONTROL
campo de control 116856
003 - IDENTIFICADOR DE NÚMERO DE CONTROL
campo de control ES-MaACL
007 - CAMPO FIJO DE DESCRIPCIÓN FÍSICA--INFORMACIÓN GENERAL
campo de control de longitud fija t|
008 - DATOS DE LONGITUD FIJA--INFORMACIÓN GENERAL
campo de control de longitud fija 061121s1984 sp r ||||1| spa d
100 1# - ENTRADA PRINCIPAL--NOMBRE DE PERSONA
Nombre de persona Pavis, Patrice.
9 (RLIN) 89683
245 10 - MENCIÓN DEL TÍTULO
Título Diccionario del teatro
Resto del título : dramaturgia, estética, semiología /
Mención de responsabilidad, etc. Patrice Pavis ; [traducción de Fernando de Toro ; supervisión de Kim Vilar].
260 ## - PUBLICACIÓN, DISTRIBUCIÓN, ETC.
Lugar de publicación, distribución, etc. Barcelona [etc.] :
Nombre del editor, distribuidor, etc. Paidos,
Fecha de publicación, distribución, etc. 1984.
300 ## - DESCRIPCIÓN FÍSICA
Extensión XXXI, 605 p. ;
Dimensiones 23 cm.
700 1# - ENTRADA AGREGADA--NOMBRE PERSONAL
Nombre de persona Toro, Fernando de.
9 (RLIN) 110679
700 1# - ENTRADA AGREGADA--NOMBRE PERSONAL
Nombre de persona Vilar, Kim.
9 (RLIN) 114798
852 ## - LOCALIZACIÓN
Ubicación ES-MaACL
Número de control de estantería L-8538
Sublocalización o colección R.109267
Holdings
Estatus retirado Estado de pérdida Estado de daño No para préstamo Colección Biblioteca de origen Biblioteca actual Ubicación en estantería Fecha de adquisición Fuente de adquisición Total de préstamos Signatura topográfica completa Código de barras Visto por última vez Precio de reemplazo Tipo de ítem Koha
        Colección de referencia Biblioteca del Ateneo de Madrid Biblioteca del Ateneo de Madrid Depósito 2 17/01/2008     L-8538 1121843 23/02/2023 23/02/2023 Libro impreso